Kanye West Albums Quiz - Statistics

General Stats
  • This quiz has been taken 16,728 times
    4,374 since last reset
  • The average score is 14 of 16
Answer Stats
Year of Release Album % Correct
2007 Graduation
98%
2004 The College Dropout
95%
2018 Ye
95%
2021 Donda
93%
2005 Late Registration
93%
2010 My Beautiful Dark Twisted Fantasy
91%
2013 Yeezus
89%
2016 The Life of Pablo
88%
2024 VULTURES 1
88%
2008 808s & Heartbreak
87%
2024 VULTURES 2
87%
2025 Bully
82%
2022 Donda 2
82%
2018 Kids See Ghosts
78%
2019 Jesus Is King
77%
2011 Watch the Throne
77%
No matching quizzes found
Score Distribution
Percent of People with Each Score
Percentile by Number Answered
Your Score History
You have not taken this quiz since the last reset